Statistics for Guess the Taylor Swift Song (no hints) 50

Click here to take the quiz!

General Stats

  • This quiz has been taken 45 times
  • The average score is 282 of 370

Answer Stats

Answer% Correct
I
100%
a
98%
The
98%
the
98%
to
98%
you,
98%
you
98%
You
98%
it
95%
It's
95%
it's
95%
On
95%
we
95%
Your
95%
your
95%
an
93%
And
93%
and
93%
be
93%
I'm
93%
me
93%
for
90%
In
90%
in
90%
My
90%
my
90%
what
90%
What
90%
where
90%
all
88%
are
85%
been
85%
from
85%
I'd
85%
if
85%
is
85%
mine,
85%
of
85%
out?
85%
So
85%
so
85%
but
83%
But
83%
do
83%
one
83%
just
80%
that
80%
don't,
78%
know?
78%
know
78%
this
78%
time
78%
can't
75%
every
75%
he
75%
He
75%
Oh,
75%
see
75%
us
75%
ive
73%
ivy
73%
now
73%
Now
73%
Or
73%
would
73%
yeah,
70%
He's
68%
only
68%
tell
68%
day
65%
goes
65%
hand
65%
here
65%
long
65%
bones
63%
does
63%
eyes
63%
faith
63%
forgotten
63%
found
63%
freezing
63%
goddamn
63%
grows
63%
How's
63%
land
63%
meet
63%
meets
63%
palm
63%
spirit
63%
yours
63%
brought
60%
covered
60%
fight
60%
fire
60%
fits
60%
glow
60%
gonna
60%
Grieving
60%
house
60%
incandescent
60%
living
60%
makes
60%
sit
60%
snow
60%
Taking
60%
touch
60%
wait
60%
wants
60%
we'll
60%
another
58%
blaze
58%
burn
58%
dark
58%
dreamland
58%
drink
58%
grand
58%
ground
58%
Magnificently
58%
near
58%
old
58%
pain
58%
promised
58%
putting
58%
roots
58%
started
58%
stone,
58%
stone
58%
Stop
58%
Tarnished
58%
war
58%
watch
58%
what's
58%
widow
58%
wine
58%
become
55%
breaks
55%
cursed
55%
dare
55%
die
55%
forth
55%
husband's
55%
loose,
55%
moments
55%
opal
55%
room
55%
Spring
55%
stole
55%
begged
53%
blooms
53%
borrowed
53%
clear
53%
Clover
53%
coast
53%
Crescent
53%
fatal
53%
fields
53%
flaw
53%
moon,
53%
run
53%
wish
53%
fear
50%
I'd l
43%
ife
43%
my l
43%

Score Distribution

Percentile by Number Answered

Percent of People with Each Score

Your Score History

You have not taken this quiz